000 00962nam a22002775i 4500
001 176429
003 ES-MaACL
005 20250819000220.0
008 110114s1962 sp af |||| | spa d
080 _a27-242
080 _a904(358)
100 0 _aParrot, André.
_989273
245 1 0 _aNínive y el Antiguo Testamento /
_cAndré Parrot ; traducción revisada por Sebastián Bartina.
260 _aBarcelona :
_bGarriga,
_cD. L. 1962.
300 _a85 p. , [4] h. de lám. :
_bil. bl. y n. ;
_c21 cm.
490 1 _aCuadernos de Arqueología Bíblica ;
_v3
500 _aÍndices.
504 _aBibliografía: p. 78-81.
630 0 4 _aBiblia.
_pA. T.
_9119248
650 7 _aArqueología bíblica
_2embne
_99981
651 4 _aMesopotamia-
_xHistoria.
_99056
700 1 _aBartina, Sebastián.
_926136
830 0 _aCuadernos de Arqueología Bíblica ;
_v3
_9190046
852 _aES-MaACL
_jE-14059
_xOlim P-379-bis
999 _c176429
_d176429